| 000 | 00456nam a22001097a 4500 | ||
|---|---|---|---|
| 082 | _a370 | ||
| 100 |
_aजैन,अर्चनाा _981943 |
||
| 245 | _aNatiional Testing Agency (NTA) UGC नेट / सेट / जेआरएफ शिक्षाशास्त्र सॉल्वड पेपर्स 2022-2012 | ||
| 260 |
_aमेरठ _bअरिहंत प्रकाशन _c2023 |
||
| 650 | _aशिक्षा | ||
| 942 | _cHIN | ||
| 999 |
_c66176 _d66176 |
||